Eye in the Sky lyrics (Alan Parsons Project) - Statistics

General Stats
  • This quiz has been taken 29 times
  • The average score is 277 of 319
Answer Stats
Lyrics % Correct
And
100%
eye
100%
I
100%
in
100%
me
100%
of
100%
sky
100%
the
100%
The
100%
to
100%
you
100%
you)
100%
your
100%
am
94%
any
94%
anymore
94%
at
94%
can
94%
Don't
94%
don't
94%
Looking
94%
(Looking
94%
mind
94%
more
94%
my
94%
need
94%
see
94%
that
94%
blind
88%
cheat
88%
fool
88%
know
88%
maker
88%
read
88%
rules
88%
So
88%
think
88%
with
88%
ain't
81%
before
81%
fools
81%
gonna
81%
some
81%
Some
81%
all
75%
'Cause
75%
'cause
75%
Dealing
75%
dealing
75%
take
75%
eyes
69%
I've
69%
lies
69%
Made
69%
say
69%
try
69%
you're
69%
ask
63%
Believe
63%
believing
63%
changing
63%
head
63%
it
63%
what
63%
words
63%
instead
56%
knows
56%
leave
56%
let
56%
regret
56%
rush
56%
said
56%
sorry's
56%
sun
56%
turning
56%
worth
56%
are
50%
But
50%
easily
50%
fire
50%
how
50%
like
50%
part
50%
tables
50%
thinking
50%
behind
44%
chances
44%
cry
44%
give
44%
goes
44%
heard
44%
That's
44%
accusation
38%
deceiving
38%
live
38%
lots
38%
signs
38%
taken
38%
while
38%
You've
38%
another
31%
false
31%
find
31%
illusions
25%
No matching quizzes found
Score Distribution
Percent of People with Each Score
Percentile by Number Answered
Your Score History
You have not taken this quiz